| 000 | 01051ngm a22004090a 4500 | ||
|---|---|---|---|
| 001 | PT47770 | ||
| 003 | AR-LpoUNG | ||
| 005 | 20210202000030.0 | ||
| 007 | vd cvaizq | ||
| 008 | 191001s2008||||ag |||||||||||||||||spa d | ||
| 037 | _c$2,50 | ||
| 040 |
_aAR-LpoUNG _bspa _cAR-LpoUNG _eaacr |
||
| 041 | _aspa | ||
| 044 | _aag | ||
| 082 | 0 | _a982.064 559est | |
| 100 | 1 |
_aDi Florio, Silvia _edir. |
|
| 245 | 1 | 0 |
_aEstela : _bun documental sobre Estela Carlotto |
| 260 |
_aBuenos Aires : _bEl Trío Producciones, _c2008. |
||
| 300 | _aDVD (63 min.) : son., col. | ||
| 650 | 4 | _aANALISIS HISTORICO | |
| 650 | 4 | _aARGENTINA | |
| 650 | 4 | _aDICTADURA | |
| 650 | 4 | _aGOBIERNO MILITAR | |
| 650 | 4 | _aHISTORIA | |
| 651 | 4 | _aArgentina | |
| 653 | _aABUELAS DE PLAZA DE MAYO | ||
| 653 | _aCINE ARGENTINO | ||
| 653 | _aDESAPARECIDOS | ||
| 653 | _aDOCUMENTALES | ||
| 653 | _aDVD | ||
| 653 | _aMEMORIA COLECTIVA | ||
| 653 | _aVIDEOS | ||
| 700 | 1 |
_aGoobar, Walter _edir. |
|
| 700 | 1 | _aRuiz Guiñazú, Magdalena | |
| 905 | _a47770 | ||
| 942 | _cDVD | ||
| 999 |
_c53986 _d53986 |
||